[Event "7th European Individual Senior Champion."]
[Site "Hockenheim, Germany"]
[Date "2007.06.09"]
[Round "8.35"]
[White "Werner, Clemens"]
[Black "Ladstetter, Josef"]
[Result "1/2-1/2"]
[WhiteElo "2295"]
[BlackElo "2066"]
[PlyCount "52"]
[EventDate "2007.??.??"]

1. e4 c5 2. c3 Nf6 3. e5 Nd5 4. d4 cxd4 5. Nf3 Nc6 6. Bc4 Nb6 7. Bb3 e6 8. cxd4
d6 9. Qe2 dxe5 10. dxe5 Nd4 11. Nxd4 Qxd4 12. O-O Nd7 13. Nc3 a6 14. Be3 Qxe5
15. f4 Qxe3+ 16. Qxe3 Bc5 17. Rae1 O-O 18. f5 Bxe3+ 19. Rxe3 Nc5 20. f6 g6 21.
Bc2 b5 22. g4 Bb7 23. b4 Nd7 24. Bb3 Rfd8 25. g5 Nf8 26. Rd1 Rxd1+ 1/2-1/2

[Event "7th European Individual Senior Champion."]
[Site "Hockenheim, Germany"]
[Date "2007.06.09"]
[Round "8.36"]
[White "Delander, Adolf"]
[Black "Jicman, Ligia-Letitia"]
[Result "1/2-1/2"]
[WhiteElo "2075"]
[BlackElo "2167"]
[PlyCount "39"]
[EventDate "2007.??.??"]

1. d4 Nf6 2. Nf3 d5 3. c4 dxc4 4. e3 c5 5. Bxc4 e6 6. O-O a6 7. dxc5 Qxd1 8.
Rxd1 Bxc5 9. a3 b5 10. Bd3 Bb7 11. b4 Bxf3 12. gxf3 Be7 13. Bb2 Nbd7 14. Nd2
O-O 15. Nb3 Nb6 16. Na5 Na4 17. Rdc1 Rfc8 18. Bd4 Bf8 19. Bxf6 gxf6 20. Be4
1/2-1/2

[Event "7th European Individual Senior Champion."]
[Site "Hockenheim, Germany"]
[Date "2007.06.09"]
[Round "8.37"]
[White "Bondick, Karl-Heinz"]
[Black "Stadt, Hans"]
[Result "1-0"]
[WhiteElo "2158"]
[BlackElo "2050"]
[PlyCount "149"]
[EventDate "2007.??.??"]

1. d4 Nf6 2. c4 e6 3. Nc3 d5 4. Bg5 Nbd7 5. Nf3 c6 6. e3 Be7 7. Rc1 O-O 8. Bd3
dxc4 9. Bxc4 b5 10. Bd3 a6 11. Bxf6 Nxf6 12. Ne5 Bb7 13. O-O c5 14. dxc5 Bxc5
15. Qe2 Qe7 16. f4 Rac8 17. a3 Rc7 18. h3 Rfc8 19. Ra1 Qd6 20. Kh2 Qb6 21. Nd1
Ne4 22. a4 f6 23. Nf3 Nd6 24. e4 b4 25. e5 Nf5 26. a5 Qc6 27. Re1 Re8 28. exf6
Qd6 29. g3 Bxf3 30. Qxf3 Nd4 31. Bxh7+ Kf8 32. Qh5 Qd5 33. Qxd5 exd5 34. Rxe8+
Kxe8 35. Bg6+ Kd8 36. fxg7 Rxg7 37. Bh5 Nb3 38. Rb1 Re7 39. Kg2 Kd7 40. Nf2 Re3
41. Rd1 Nd4 42. Nd3 Ba7 43. Nxb4 Rb3 44. Nxd5 Rxb2+ 45. Kf1 Bc5 46. Nb6+ Ke6
47. Bg4+ Nf5 48. Re1+ Kf7 49. Re5 Nxg3+ 50. Ke1 Bd4 51. Rd5 Bc3+ 52. Kd1 Nf1
53. Nc4 Rf2 54. Rd7+ Kf8 55. Rd3 Bb4 56. Rf3 Rxf3 57. Bxf3 Kf7 58. Bb7 Ng3 59.
Bxa6 Ne4 60. Ke2 Nc3+ 61. Kf3 Kf6 62. Bc8 Nb5 63. a6 Na7 64. Bd7 Ke7 65. Ba4
Kf6 66. Kg4 Bc5 67. Ne5 Bg1 68. h4 Nc8 69. h5 Ne7 70. Be8 Ng8 71. Nc6 Ke6 72.
Bg6 Nf6+ 73. Kg5 Nd7 74. a7 Nb6 75. h6 1-0

[Event "7th European Individual Senior Champion."]
[Site "Hockenheim, Germany"]
[Date "2007.06.09"]
[Round "8.39"]
[White "Davydov, Mikhail"]
[Black "Kripp, Wolfgang"]
[Result "1/2-1/2"]
[WhiteElo "2082"]
[BlackElo "2146"]
[PlyCount "46"]
[EventDate "2007.??.??"]

1. e4 Nf6 2. e5 Nd5 3. d4 d6 4. Nf3 Bg4 5. Be2 e6 6. O-O Be7 7. c4 Nb6 8. Nc3
O-O 9. h3 Bh5 10. Be3 Nc6 11. exd6 cxd6 12. d5 Bxf3 13. gxf3 Ne5 14. b3 Ng6 15.
Qd2 e5 16. f4 exf4 17. Bxf4 Nxf4 18. Qxf4 Bf6 19. Qg3 Re8 20. Rae1 Be5 21. Qf3
Bxc3 22. Qxc3 Nd7 23. Bd1 Ne5 1/2-1/2

[Event "7th European Individual Senior Champion."]
[Site "Hockenheim, Germany"]
[Date "2007.06.09"]
[Round "8.40"]
[White "Gousseinov, Aguif"]
[Black "Sorokina, Tamara"]
[Result "1-0"]
[WhiteElo "2049"]
[BlackElo "2145"]
[PlyCount "89"]
[EventDate "2007.??.??"]

1. e4 c5 2. Nf3 Nc6 3. Bb5 Nd4 4. Nxd4 cxd4 5. c3 a6 6. Bc4 dxc3 7. bxc3 e6 8.
Qe2 b5 9. Bb3 Bb7 10. d4 Qc7 11. O-O Be7 12. Bb2 Nf6 13. Nd2 O-O 14. Bc2 g6 15.
Rac1 Qa5 16. Bb1 Rac8 17. f4 d5 18. e5 Ne4 19. Rf3 b4 20. Nxe4 dxe4 21. Rh3
bxc3 22. Rhxc3 Rxc3 23. Rxc3 Bd5 24. Bxe4 Bxe4 25. Qxe4 Qxa2 26. Qb7 Qb1+ 27.
Rc1 Qa2 28. Ra1 Qd5 29. Qxe7 Rb8 30. Rc1 Qe4 31. Qd6 Qe3+ 32. Kh1 Qb3 33. Qa3
Qd5 34. h3 Kg7 35. Bc3 Qe4 36. Rf1 Rc8 37. Qb4 Qd3 38. Rf3 Qe4 39. Kh2 h5 40.
Be1 Rc2 41. Bf2 Qc6 42. Qe7 Qc8 43. Bh4 Rc7 44. Qf6+ Kh7 45. Rc3 1-0

[Event "7th European Individual Senior Champion."]
[Site "Hockenheim, Germany"]
[Date "2007.06.09"]
[Round "8.41"]
[White "Rahn, Oskar"]
[Black "Eidelmann, Vova"]
[Result "1/2-1/2"]
[WhiteElo "2122"]
[BlackElo "2047"]
[PlyCount "26"]
[EventDate "2007.??.??"]

1. e4 c5 2. Nf3 e6 3. d4 cxd4 4. Nxd4 Nf6 5. Nc3 d6 6. Be3 a6 7. a4 b6 8. Be2
Bb7 9. f3 Be7 10. O-O O-O 11. Kh1 Nbd7 12. Qe1 Qc7 13. Bd3 Nc5 1/2-1/2

[Event "7th European Individual Senior Champion."]
[Site "Hockenheim, Germany"]
[Date "2007.06.09"]
[Round "8.42"]
[White "Thieme, Hans"]
[Black "Ellinger, Hans Dr"]
[Result "1-0"]
[WhiteElo "2055"]
[BlackElo "2115"]
[PlyCount "51"]
[EventDate "2007.??.??"]

1. e4 e6 2. d4 d5 3. Nc3 Bb4 4. Bd2 dxe4 5. Qg4 Qxd4 6. Nf3 h5 7. Qf4 Qd6 8.
Qxe4 Nf6 9. Qh4 Nbd7 10. O-O-O Qb6 11. Bc4 Ng4 12. Ne4 Bxd2+ 13. Rxd2 Qb4 14.
Rd4 Qe7 15. Neg5 Nb6 16. Rxg4 Bd7 17. Re1 O-O-O 18. Rge4 Nxc4 19. Rxc4 g6 20.
Qf4 Bb5 21. Rc3 Rhe8 22. Nd4 Rxd4 23. Qxd4 Qxg5+ 24. Kb1 b6 25. Rd1 Qxg2 26.
Qd6 1-0

[Event "7th European Individual Senior Champion."]
[Site "Hockenheim, Germany"]
[Date "2007.06.09"]
[Round "8.43"]
[White "Josting, Friedel"]
[Black "Fedotov, Oleksandr"]
[Result "0-1"]
[WhiteElo "2026"]
[BlackElo "2100"]
[PlyCount "79"]
[EventDate "2007.??.??"]

1. Nf3 d5 2. d4 Nf6 3. Bf4 Bf5 4. e3 c6 5. Nbd2 Nbd7 6. Nh4 Be6 7. Nhf3 Nh5 8.
Bd3 f6 9. O-O Bf7 10. Qe2 g5 11. Bg3 Nxg3 12. hxg3 h5 13. e4 g4 14. Nh4 Qc7 15.
exd5 cxd5 16. Bg6 Bh6 17. Rfe1 Nf8 18. Bxf7+ Kxf7 19. Nf5 e6 20. Nxh6+ Rxh6 21.
c3 Re8 22. Nf1 Ng6 23. Ne3 Re7 24. f4 f5 25. Qd3 Qd7 26. c4 dxc4 27. Qxc4 Kf6
28. Rad1 Qd6 29. Qd3 h4 30. d5 hxg3 31. Qd4+ e5 32. fxe5+ Nxe5 33. Rf1 Rh5 34.
Nxg4+ Kg6 35. Nxe5+ Rxe5 36. Rfe1 f4 37. Rxe5 Rxe5 38. Qd3+ Kg5 39. Qd4 Re2 40.
Rc1 0-1

[Event "7th European Individual Senior Champion."]
[Site "Hockenheim, Germany"]
[Date "2007.06.09"]
[Round "8.44"]
[White "Skara, Milenko"]
[Black "Kalkmann, Hans"]
[Result "1-0"]
[WhiteElo "2092"]
[BlackElo "2004"]
[PlyCount "61"]
[EventDate "2007.??.??"]

1. e4 e6 2. d4 d5 3. Nc3 Bb4 4. e5 Qd7 5. Nge2 b6 6. Nf4 Ne7 7. Nh5 Bxc3+ 8.
bxc3 Qc6 9. Qf3 Rg8 10. a4 Ba6 11. Bxa6 Nxa6 12. O-O Nb8 13. Ba3 Ng6 14. Qd3
Qc4 15. Qg3 c5 16. dxc5 Nd7 17. cxb6 axb6 18. Bd6 Rxa4 19. Rxa4 Qxa4 20. f4 f5
21. exf6 gxf6 22. f5 exf5 23. Re1+ Kf7 24. Qe3 Qe4 25. Qd2 Nge5 26. Rxe4 Nf3+
27. Kf2 Nxd2 28. Re7+ Kg6 29. Nf4+ Kg5 30. Ne6+ Kh6 31. Bf4+ 1-0

[Event "7th European Individual Senior Champion."]
[Site "Hockenheim, Germany"]
[Date "2007.06.09"]
[Round "8.45"]
[White "Hutchinson, Norman A"]
[Black "Giacomelli, Bernd"]
[Result "1-0"]
[WhiteElo "2087"]
[BlackElo "1957"]
[PlyCount "65"]
[EventDate "2007.??.??"]

1. e4 e6 2. d4 b6 3. Nf3 c5 4. c3 Ba6 5. Bxa6 Nxa6 6. O-O Nc7 7. d5 d6 8. c4
Be7 9. Qe2 e5 10. Nc3 Qd7 11. Ne1 g5 12. Nc2 Bf6 13. Bd2 Ne7 14. Qf3 Ng8 15. a3
h6 16. b4 Bg7 17. Ne3 Ne7 18. b5 O-O 19. Nf5 Rfe8 20. Rae1 a6 21. Nxe7+ Rxe7
22. a4 axb5 23. axb5 Ra3 24. Ra1 Rxa1 25. Rxa1 Re8 26. Qd1 Ra8 27. Na4 Qd8 28.
Nxb6 Rxa1 29. Qxa1 Nxb5 30. cxb5 Qxb6 31. Qa5 Qb8 32. b6 Bf6 33. Qa7 1-0

[Event "7th European Individual Senior Champion."]
[Site "Hockenheim, Germany"]
[Date "2007.06.09"]
[Round "8.46"]
[White "Husser, Oskar"]
[Black "Zhelesny, Stanislav"]
[Result "1-0"]
[WhiteElo "2073"]
[BlackElo "2222"]
[PlyCount "87"]
[EventDate "2007.??.??"]

1. c4 Nf6 2. Nc3 g6 3. g3 Bg7 4. Bg2 O-O 5. Nf3 d5 6. cxd5 Nxd5 7. O-O c6 8. d4
Nd7 9. e4 Nxc3 10. bxc3 Nb6 11. Qc2 Be6 12. Re1 Rc8 13. a4 c5 14. d5 Bd7 15.
Bf1 f5 16. a5 fxe4 17. axb6 exf3 18. bxa7 b5 19. Bf4 Ra8 20. Bb8 Bf6 21. Bd3
Kg7 22. d6 Rf7 23. dxe7 Bxe7 24. Be4 Rxb8 25. axb8=Q Qxb8 26. Bd5 Bf6 27. Ra8
Qd6 28. Bxf7 Kxf7 29. Qd1 Qc7 30. Qd5+ Kg7 31. Rg8+ Kh6 32. h4 Bc6 33. Qd2+ Kh5
34. Rf8 Qg7 35. Rc8 Qb7 36. Rf8 Qg7 37. Qd6 Bxc3 38. Rc1 Bd4 39. Rxc5+ Bxc5 40.
Qxc5+ g5 41. Qf5 h6 42. hxg5 Bd7 43. Qxf3+ Kxg5 44. Qd5+ 1-0

[Event "7th European Individual Senior Champion."]
[Site "Hockenheim, Germany"]
[Date "2007.06.09"]
[Round "8.47"]
[White "Sinchurina, Tatiana"]
[Black "Gabriel, Josef"]
[Result "0-1"]
[WhiteElo "2047"]
[BlackElo "2202"]
[PlyCount "52"]
[EventDate "2007.??.??"]

1. e4 e5 2. Nf3 d6 3. d4 Nd7 4. Bc4 c6 5. O-O Be7 6. dxe5 dxe5 7. Ng5 Bxg5 8.
Qh5 Qe7 9. Bxf7+ Qxf7 10. Qxf7+ Kxf7 11. Bxg5 Ngf6 12. Nd2 Nc5 13. f4 Nfxe4 14.
Nxe4 Nxe4 15. fxe5+ Kg6 16. Bf4 Be6 17. Rae1 Nc5 18. Re3 h6 19. Rd1 Rad8 20.
Rd6 Kf7 21. b4 Rxd6 22. exd6 Nd7 23. c4 Re8 24. c5 Bc4 25. Rf3 Re1+ 26. Kf2
Rf1+ 0-1

[Event "7th European Individual Senior Champion."]
[Site "Hockenheim, Germany"]
[Date "2007.06.09"]
[Round "8.48"]
[White "Bayer, Wolfgang Dr"]
[Black "Lainburg, Victor"]
[Result "1/2-1/2"]
[WhiteElo "2045"]
[BlackElo "2188"]
[PlyCount "113"]
[EventDate "2007.??.??"]

1. c4 e5 2. Nc3 Bb4 3. Nd5 Be7 4. g3 Nf6 5. Bg2 Nxd5 6. cxd5 d6 7. d4 O-O 8.
dxe5 dxe5 9. Nf3 Nd7 10. O-O a5 11. Be3 Bd6 12. Rc1 Qe7 13. Qc2 b6 14. Ng5 Nf6
15. Rfd1 Bb7 16. Nh3 h6 17. a3 a4 18. Rd3 Ra5 19. Bd2 e4 20. Rd4 Rxd5 21. Rxa4
Rc5 22. Rc4 Rxc4 23. Qxc4 Re8 24. e3 g5 25. Bc3 Ng4 26. Rf1 Qe6 27. Qe2 Be5 28.
Qc2 Bxc3 29. Qxc3 Qe5 30. Qc2 Re6 31. Qe2 f5 32. Kh1 Rd6 33. Ng1 Qc5 34. h3 Ne5
35. g4 fxg4 36. hxg4 Qd5 37. f4 exf3 38. Nxf3 Qc4 39. Qxc4+ Nxc4 40. Rc1 Nxe3
41. Rxc7 Bd5 42. Rc8+ Kg7 43. Kg1 Nxg4 44. Nd4 Kf6 45. Nb5 Rd7 46. Bxd5 Rxd5
47. Rc6+ Ke5 48. Nc3 Rd6 49. Rc4 Nf6 50. b4 h5 51. a4 g4 52. a5 bxa5 53. bxa5
h4 54. Ra4 Ra6 55. Nb5 Ne4 56. Nc7 Ra7 57. Nb5 1/2-1/2

[Event "7th European Individual Senior Champion."]
[Site "Hockenheim, Germany"]
[Date "2007.06.09"]
[Round "8.49"]
[White "Achenbach, Manfred"]
[Black "Ophoff, Rigobert"]
[Result "1/2-1/2"]
[WhiteElo "2187"]
[BlackElo "2062"]
[PlyCount "72"]
[EventDate "2007.??.??"]

1. e4 e6 2. d4 c5 3. Nf3 cxd4 4. Nxd4 Nc6 5. Be3 Nf6 6. Bd3 Be7 7. Nd2 O-O 8.
O-O d5 9. c3 e5 10. N4f3 Ng4 11. exd5 Nxe3 12. fxe3 Qxd5 13. Qc2 h6 14. Kh1 Qc5
15. Rae1 Be6 16. b4 Qd6 17. Rd1 a6 18. Be4 Qc7 19. Bxc6 bxc6 20. a3 c5 21. Qe4
f6 22. Nh4 Rfd8 23. Nf5 Bf8 24. Nf3 Rxd1 25. Rxd1 Rd8 26. Rxd8 Qxd8 27. h3 cxb4
28. cxb4 a5 29. bxa5 Qxa5 30. Nxh6+ gxh6 31. Qg6+ Bg7 32. Qe8+ Kh7 33. Qxe6
Qxa3 34. Qf5+ Kg8 35. Qe4 Qc1+ 36. Kh2 f5 1/2-1/2

[Event "7th European Individual Senior Champion."]
[Site "Hockenheim, Germany"]
[Date "2007.06.09"]
[Round "8.50"]
[White "Straub, Hermann"]
[Black "Hohler, Peter"]
[Result "0-1"]
[WhiteElo "1993"]
[BlackElo "2183"]
[PlyCount "62"]
[EventDate "2007.??.??"]

1. f4 d5 2. Nf3 Bg4 3. e3 Nd7 4. h3 Bxf3 5. Qxf3 Ngf6 6. Nc3 c6 7. d4 e6 8. Bd2
c5 9. dxc5 Bxc5 10. Bd3 O-O 11. g4 Nb6 12. g5 Ne8 13. h4 Nd6 14. Nd1 Nbc4 15.
Bc3 Nf5 16. e4 dxe4 17. Qxe4 Ncd6 18. Qf3 Qb6 19. h5 Bb4 20. Qf2 Bxc3+ 21. bxc3
Qxf2+ 22. Nxf2 Rac8 23. Kd2 Nc4+ 24. Kc1 Nb6 25. Ne4 Nd5 26. Rf1 Nxc3 27. Nxc3
Rxc3 28. Kd2 Rc5 29. Rab1 b6 30. Rb5 Rxb5 31. Bxb5 Ng3 0-1

[Event "7th European Individual Senior Champion."]
[Site "Hockenheim, Germany"]
[Date "2007.06.09"]
[Round "8.51"]
[White "Ofstad, Per"]
[Black "Pracht, Hans-Dieter"]
[Result "1/2-1/2"]
[WhiteElo "2169"]
[BlackElo "2056"]
[PlyCount "24"]
[EventDate "2007.??.??"]

1. e4 e5 2. Nf3 Nf6 3. d4 Nxe4 4. Bd3 d5 5. Nxe5 Nd7 6. Nxd7 Bxd7 7. Nd2 Nxd2
8. Bxd2 Qf6 9. Qh5 O-O-O 10. O-O-O h6 11. Be3 Be6 12. Kb1 Bd6 1/2-1/2

[Event "7th European Individual Senior Champion."]
[Site "Hockenheim, Germany"]
[Date "2007.06.09"]
[Round "8.52"]
[White "Serra Olives, Tomas"]
[Black "Belokopyt, Boris"]
[Result "1-0"]
[WhiteElo "2138"]
[BlackElo "2037"]
[PlyCount "67"]
[EventDate "2007.??.??"]

1. e4 c5 2. Nf3 Nc6 3. d4 cxd4 4. Nxd4 d6 5. Nc3 Nf6 6. Bg5 e5 7. Ndb5 a6 8.
Na3 Be6 9. Nc4 h6 10. Bxf6 gxf6 11. Ne3 Nd4 12. Bd3 h5 13. Ncd5 Qa5+ 14. c3
Bxd5 15. Nxd5 Ne6 16. Nxf6+ Ke7 17. Nd5+ Ke8 18. Qf3 Be7 19. O-O h4 20. h3 Qd8
21. Bc4 b5 22. Bb3 Nc5 23. Bc2 Ne6 24. Rad1 Rc8 25. Bb3 Rh7 26. Qf5 Rg7 27. f4
exf4 28. Nxf4 Ng5 29. Nh5 Rh7 30. e5 Rc5 31. Bd5 Rxh5 32. Bxf7+ Nxf7 33. Qxf7+
Kd7 34. Rxd6+ 1-0

[Event "7th European Individual Senior Champion."]
[Site "Hockenheim, Germany"]
[Date "2007.06.09"]
[Round "8.53"]
[White "Scholz, Herbert Dr"]
[Black "Fahnenschmidt, Gerhard Dr"]
[Result "0-1"]
[WhiteElo "1978"]
[BlackElo "2134"]
[PlyCount "51"]
[EventDate "2007.??.??"]

1. e4 c5 2. Nf3 d6 3. d4 cxd4 4. Nxd4 Nf6 5. Nc3 g6 6. Be3 Bg7 7. f3 Nc6 8. Qd2
Bd7 9. Bc4 Rc8 10. Be2 b5 11. Ndxb5 O-O 12. Nxa7 Nxa7 13. Bxa7 Qa5 14. Bd4 e5
15. Be3 Qb4 16. O-O Qxb2 17. Nd5 Nxd5 18. Qxd5 Rxc2 19. Rfb1 Qc3 20. Qd3 Rc8
21. Qxc3 R8xc3 22. Rb8+ Bc8 23. Bc5 Rxe2 24. Bxd6 f6 25. Kf1 Rec2 26. a4 {
rest der partie unleserlich} 0-1

[Event "7th European Individual Senior Champion."]
[Site "Hockenheim, Germany"]
[Date "2007.06.09"]
[Round "8.54"]
[White "Schmoll, Heinz"]
[Black "Mertens, Gottfried"]
[Result "1-0"]
[WhiteElo "2133"]
[BlackElo "2035"]
[PlyCount "85"]
[EventDate "2007.??.??"]

1. c4 f5 2. Nf3 Nf6 3. Nc3 d6 4. d4 g6 5. g3 Bg7 6. Bg2 O-O 7. O-O Qe8 8. d5 a5
9. Nd4 Na6 10. Rb1 Nc5 11. b3 h6 12. Ncb5 Qd8 13. Bb2 Ng4 14. h3 Nf6 15. Qc2 e5
16. dxe6 c6 17. Nc3 Nxe6 18. Nf3 Qe7 19. Ba3 Nc5 20. Nh4 Kh7 21. Rbd1 Be6 22.
Rfe1 Qc7 23. Bxc5 dxc5 24. e4 Ne8 25. exf5 Bxf5 26. Nxf5 Rxf5 27. Be4 Rf6 28.
h4 h5 29. Bd3 Nd6 30. Bxg6+ Kg8 31. Re2 Raf8 32. Kg2 Rf3 33. Rd3 R3f6 34. Rde3
Nf5 35. Bxf5 Rxf5 36. f4 Rxf4 37. gxf4 Qxf4 38. Rg3 Qf1+ 39. Kh2 Kh8 40. Qd2
Qf6 41. Rg5 Qf3 42. Reg2 Bd4 43. Rg8+ 1-0

[Event "7th European Individual Senior Champion."]
[Site "Hockenheim, Germany"]
[Date "2007.06.09"]
[Round "8.55"]
[White "Strozewski, Guenter"]
[Black "Dydy, Kaplan"]
[Result "0-1"]
[WhiteElo "1852"]
[BlackElo "2127"]
[PlyCount "57"]
[EventDate "2007.??.??"]

1. e4 e5 2. Nf3 Nc6 3. c3 Nf6 4. d4 d5 5. Bb5 Bg4 6. Bxc6+ bxc6 7. Qa4 exd4 8.
Qxc6+ Bd7 9. Qa6 dxc3 10. Nxc3 dxe4 11. Qe2 Bb4 12. Bd2 Qe7 13. Ng5 O-O 14. a3
Bc5 15. O-O Rfe8 16. Rfe1 Bc6 17. h3 h6 18. Qc4 hxg5 19. Bxg5 Bb7 20. Bxf6 gxf6
21. Qe2 Qe5 22. Kh1 Qg5 23. Rad1 e3 24. f3 Rad8 25. Qb5 Bb6 26. Qe2 Qg3 27.
Rxd8 Rxd8 28. Ne4 Bxe4 29. fxe4 0-1

[Event "7th European Individual Senior Champion."]
[Site "Hockenheim, Germany"]
[Date "2007.06.09"]
[Round "8.56"]
[White "Egger, Herbert"]
[Black "Klein, Klaus"]
[Result "0-1"]
[WhiteElo "1834"]
[BlackElo "2120"]
[PlyCount "103"]
[EventDate "2007.??.??"]

1. e4 c6 2. d4 d5 3. e5 Bf5 4. c3 e6 5. Nf3 Nd7 6. Be2 h6 7. O-O Qb6 8. Nbd2 c5
9. Nb3 c4 10. Nbd2 Rc8 11. Ne1 g5 12. Bh5 Ne7 13. Nc2 Ng6 14. Ne3 Bd3 15. Re1
Nf4 16. g3 Nxh5 17. Qxh5 Be7 18. Qf3 h5 19. g4 hxg4 20. Nxg4 Qd8 21. Qe3 Bf5
22. f3 Nf8 23. Nf1 Ng6 24. Ng3 Bd3 25. Nf2 Nf4 26. Nxd3 Nxd3 27. Re2 Nf4 28.
Rc2 Kd7 29. b3 Rh3 30. bxc4 Rxc4 31. Qd2 Qh8 32. Bb2 Qh4 33. Qf2 Rc8 34. Rd1
Rh8 35. Rdd2 Rg8 36. Nf1 Qh5 37. Ng3 Qh4 38. Nf1 Qh6 39. Ne3 Rh4 40. Qg3 Rh3
41. Qf2 b5 42. Ng4 Qh8 43. a3 Rh4 44. Qg3 Rh3 45. Qf2 Rc8 46. Ne3 Qf8 47. Ng4
Bxa3 48. Qf1 a6 49. Bxa3 Qxa3 50. Nf6+ Kd8 51. Ra2 Qxc3 52. Qe2 0-1

[Event "7th European Individual Senior Champion."]
[Site "Hockenheim, Germany"]
[Date "2007.06.09"]
[Round "8.57"]
[White "Paulsen, Eckart"]
[Black "Taksrud, Vidar"]
[Result "1/2-1/2"]
[WhiteElo "1833"]
[BlackElo "2099"]
[PlyCount "131"]
[EventDate "2007.??.??"]

1. d4 d5 2. Nf3 Nf6 3. e3 g6 4. c4 Bg7 5. Nc3 O-O 6. cxd5 Nxd5 7. Qb3 Nxc3 8.
bxc3 c5 9. Be2 Nc6 10. O-O Qc7 11. a4 Be6 12. Qa3 Na5 13. Rb1 Rac8 14. Bd2 Nc4
15. Bxc4 Bxc4 16. Rfd1 Bd3 17. Rb2 c4 18. Ne1 e5 19. Nxd3 cxd3 20. Rdb1 b6 21.
Rb5 Rfe8 22. a5 exd4 23. axb6 axb6 24. cxd4 Qc2 25. Qb2 Bxd4 26. Qxc2 dxc2 27.
Rc1 Bc3 28. Bxc3 Rxc3 29. Kf1 f5 30. Rxb6 f4 31. Rb2 Rec8 32. e4 R8c4 33. f3
Rc5 34. Ke2 Rg5 35. Kf2 Rgc5 36. Ke2 Re3+ 37. Kd2 Rg5 38. g3 Rxf3 39. Rcxc2
fxg3 40. hxg3 Rgxg3 41. Rb8+ Kg7 42. Rc7+ Kh6 43. Rbb7 Rg2+ 44. Ke1 Ra3 45.
Rxh7+ Kg5 46. Kf1 Rc2 47. Rb1 Rf3+ 48. Kg1 Re2 49. Rb5+ Kg4 50. Rg7 Rf6 51. e5
Ra6 52. Kf1 Rc2 53. Rb4+ Kg5 54. Re4 Rh2 55. Kg1 Rb2 56. Rf7 Rb1+ 57. Rf1 Rxf1+
58. Kxf1 Kf5 59. Re2 Re6 60. Rf2+ Kxe5 61. Re2+ Kf5 62. Rxe6 Kxe6 63. Ke2 Kf6
64. Kf2 Ke5 65. Kg3 Kf5 66. Kf3 1/2-1/2

[Event "7th European Individual Senior Champion."]
[Site "Hockenheim, Germany"]
[Date "2007.06.09"]
[Round "8.59"]
[White "Mann, Guenter"]
[Black "Masich, Vladimir"]
[Result "1/2-1/2"]
[WhiteElo "1823"]
[BlackElo "2079"]
[PlyCount "43"]
[EventDate "2007.??.??"]

1. e4 c5 2. Nf3 Nc6 3. d4 cxd4 4. Nxd4 Nf6 5. Nc3 d6 6. Be2 e5 7. Nf3 h6 8. h3
Be7 9. Be3 Qa5 10. O-O O-O 11. a3 a6 12. Nh2 Be6 13. Ng4 Nxg4 14. Bxg4 Bc4 15.
Be2 Bxe2 16. Qxe2 Bg5 17. Rad1 Bxe3 18. fxe3 Rad8 19. Nd5 Qc5 20. Rf2 b5 21.
Qg4 Kh8 22. Rdf1 1/2-1/2

[Event "7th European Individual Senior Champion."]
[Site "Hockenheim, Germany"]
[Date "2007.06.09"]
[Round "8.60"]
[White "Bue, Gunnar"]
[Black "Jahr, Dieter"]
[Result "1/2-1/2"]
[WhiteElo "1813"]
[BlackElo "2059"]
[PlyCount "37"]
[EventDate "2007.??.??"]

1. d4 d5 2. c4 e6 3. Nf3 Nf6 4. e3 Be7 5. Nc3 O-O 6. Bd3 b6 7. O-O Bb7 8. b3
Nbd7 9. Bb2 c5 10. Rc1 Rc8 11. Qe2 dxc4 12. bxc4 Qc7 13. Rfd1 Qb8 14. d5 exd5
15. cxd5 Nxd5 16. Nxd5 Bxd5 17. Bxh7+ Kxh7 18. Rxd5 Nf6 19. Ng5+ 1/2-1/2

[Event "7th European Individual Senior Champion."]
[Site "Hockenheim, Germany"]
[Date "2007.06.09"]
[Round "8.61"]
[White "Bauer, Armin Dr"]
[Black "Blagonadezhnaya, Ideya"]
[Result "1-0"]
[WhiteElo "1902"]
[BlackElo "2017"]
[PlyCount "65"]
[EventDate "2007.??.??"]

1. d4 Nf6 2. c4 g6 3. Nc3 Bg7 4. e4 d6 5. Nge2 O-O 6. f3 Nbd7 7. Be3 h6 8. Qd2
Kh7 9. O-O-O e5 10. d5 Nc5 11. g4 Ng8 12. Kb1 f5 13. gxf5 gxf5 14. Bxc5 dxc5
15. Ng3 f4 16. Nf5 Bxf5 17. exf5 a6 18. Rg1 Nf6 19. Bd3 Kh8 20. Rg6 Rg8 21.
Rdg1 Bf8 22. Ne4 Rxg6 23. Rxg6 Nxe4 24. Bxe4 Qh4 25. a3 Be7 26. d6 cxd6 27. Qd5
Rf8 28. f6 Bxf6 29. Qxb7 Be7 30. Qd7 Rg8 31. Rxg8+ Kxg8 32. Qe8+ Bf8 33. Bd5+
1-0

[Event "7th European Individual Senior Champion."]
[Site "Hockenheim, Germany"]
[Date "2007.06.09"]
[Round "8.62"]
[White "Lein, Marina"]
[Black "Woisetschlaeger, Adolf"]
[Result "0-1"]
[WhiteElo "2017"]
[BlackElo "1892"]
[PlyCount "64"]
[EventDate "2007.??.??"]

1. b4 e6 2. Bb2 Nf6 3. b5 d5 4. e3 Bd7 5. c4 c6 6. a4 a6 7. Qb3 axb5 8. axb5
Rxa1 9. Bxa1 Be7 10. Nf3 Qa5 11. Bc3 Qb6 12. Be5 Na6 13. Qb2 cxb5 14. cxb5 Nc5
15. Nc3 O-O 16. Be2 Ra8 17. O-O Ne8 18. Ra1 Rxa1+ 19. Qxa1 f6 20. Bg3 Nc7 21.
h3 e5 22. Qa2 Be6 23. d4 Ne4 24. Na4 Qa5 25. b6 Nxg3 26. fxg3 Na8 27. Qb3 e4
28. Nc5 Bxc5 29. dxc5 exf3 30. Bxf3 Qxc5 31. Qa4 Qc8 32. Qb5 Qd7 0-1

[Event "7th European Individual Senior Champion."]
[Site "Hockenheim, Germany"]
[Date "2007.06.09"]
[Round "8.63"]
[White "De Laubadere, Philippe"]
[Black "Smits, Oswald"]
[Result "0-1"]
[WhiteElo "2003"]
[BlackElo "1894"]
[PlyCount "43"]
[EventDate "2007.??.??"]

1. d4 Nf6 2. c4 e6 3. Nc3 b6 4. e4 Bb4 5. Bd3 Bb7 6. Qc2 Nc6 7. Nf3 d6 8. O-O
h6 9. d5 Ne5 10. Nxe5 dxe5 11. Qa4+ Qd7 12. Qxb4 a5 13. Qb3 O-O 14. Be3 Ba6 15.
Rfd1 Ne8 16. dxe6 Qxe6 17. c5 Qxb3 18. axb3 Bxd3 19. Rxd3 Rb8 20. cxb6 cxb6 21.
Nd5 Nd6 22. Ne7+ 0-1

[Event "7th European Individual Senior Champion."]
[Site "Hockenheim, Germany"]
[Date "2007.06.09"]
[Round "8.64"]
[White "Barlo, Werner"]
[Black "Schwertel, Johann"]
[Result "1/2-1/2"]
[WhiteElo "1871"]
[BlackElo "1993"]
[PlyCount "32"]
[EventDate "2007.??.??"]

1. d4 f5 2. c4 Nf6 3. Nc3 e6 4. Nf3 Be7 5. Qc2 Nc6 6. e3 O-O 7. a3 d6 8. Be2
Qe8 9. O-O Bd7 10. b4 a6 11. Bb2 d5 12. Rad1 Ne4 13. cxd5 Nxc3 14. Qxc3 exd5
15. Ne5 Bd6 16. f4 Nb8 1/2-1/2

[Event "7th European Individual Senior Champion."]
[Site "Hockenheim, Germany"]
[Date "2007.06.09"]
[Round "8.65"]
[White "Ortega Morales, Pedro"]
[Black "Benito Alba, Eladio"]
[Result "1/2-1/2"]
[WhiteElo "1959"]
[BlackElo "1881"]
[PlyCount "55"]
[EventDate "2007.??.??"]

1. d4 Nf6 2. Bf4 e6 3. e3 c5 4. c3 b6 5. Be2 Bb7 6. Nf3 Nc6 7. Nbd2 d5 8. Bd3
h6 9. Qe2 Bd6 10. Ne5 Qe7 11. Ndf3 Bxe5 12. Nxe5 Nd7 13. Nxd7 Qxd7 14. Qg4 g5
15. Bg3 f5 16. Qh5+ Qf7 17. Qxf7+ Kxf7 18. Bb5 a6 19. Bxc6 Bxc6 20. Be5 Rhc8
21. h4 g4 22. Ke2 h5 23. f3 gxf3+ 24. gxf3 Rg8 25. Rag1 c4 26. Rg5 Rxg5 27.
hxg5 Kg6 28. f4 1/2-1/2